[Event "Frankfurt Ch A 2018"]
[Site "Ffm-Höchst, BiKuZ"]
[Date "2018.05.14"]
[Round "3.24"]
[White "Weiland, Thomas"]
[Black "Zweschper, Erich"]
[Result "0-1"]
[WhiteElo "1697"]
[BlackElo "2007"]
[PlyCount "110"]
[EventDate "2018.??.??"]
[WhiteTeam "SV Oberursel"]
[BlackTeam "SV Kelsterbach"]

1. e4 e5 2. Nf3 Nc6 3. Nc3 Nf6 4. Bc4 Bc5 5. O-O a6 6. a4 d6 7. h3 h6 8. d3 g5
9. Nh2 Bd7 10. Be3 Nd4 11. Nd5 c6 12. Nxf6+ Qxf6 13. c3 Ne6 14. b4 Ba7 15. Ng4
Qg6 16. Bxa7 Rxa7 17. Bxe6 Bxe6 18. Ne3 Ra8 19. Qf3 h5 20. Nf5 g4 21. Qe3 Bxf5
22. exf5 Qxf5 23. h4 O-O 24. c4 Rfe8 25. Rfe1 Re6 26. b5 axb5 27. axb5 Rxa1 28.
Rxa1 Qf4 29. Ra8+ Kg7 30. Qb6 g3 31. fxg3 Qd4+ 32. Qxd4 exd4 33. bxc6 bxc6 34.
Ra6 c5 35. Kf2 Kf6 36. Ra1 Re3 37. Ra6 Ke5 38. Ra3 f6 39. Rb3 f5 40. Ra3 Ke6
41. Rb3 Kd7 42. Rb7+ Kc6 43. Rh7 Rxd3 44. Rxh5 Rc3 45. Rxf5 Rxc4 46. h5 Ra4 47.
h6 Ra7 48. g4 c4 49. g5 c3 50. Ke2 Ra2+ 51. Kd3 Rd2+ 52. Kc4 c2 53. Rf1 Rd1 54.
Rxd1 cxd1=Q 55. h7 Qc2+ 0-1

[Event "Frankfurt Ch A 2018"]
[Site "Ffm-Höchst, BiKuZ"]
[Date "2018.05.14"]
[Round "3.25"]
[White "Bennedik, Martin"]
[Black "Worzelberger, Armin"]
[Result "1-0"]
[WhiteElo "2006"]
[BlackElo "1762"]
[PlyCount "53"]
[EventDate "2018.??.??"]
[WhiteTeam "SV Frankfurt Nord"]
[BlackTeam "SC Brett vorm Kopp"]

1. e4 e6 2. d4 c5 3. Nf3 cxd4 4. Nxd4 Nc6 5. Nc3 a6 6. Be2 Bc5 7. Nb3 Ba7 8.
O-O Nge7 9. Kh1 Qc7 10. f4 b5 11. e5 Nb4 12. a3 Nbd5 13. Ne4 Nf5 14. Qd3 Bb7
15. Bd2 Rc8 16. Rac1 h5 17. Na5 h4 18. Nxb7 Qxb7 19. Nd6+ Nxd6 20. exd6 Rc4 21.
Bf3 Rd4 22. Qe2 h3 23. Be3 hxg2+ 24. Bxg2 Rh3 25. Bxd4 Bxd4 26. Bxh3 Nxf4+ 27.
Bg2 1-0

[Event "Frankfurt Ch A 2018"]
[Site "Ffm-HÃ¶chst, BiKuZ"]
[Date "2018.05.14"]
[Round "3.26"]
[White "Kolker, Vladislav"]
[Black "Hitzer, Dieter"]
[Result "1-0"]
[WhiteElo "1931"]
[BlackElo "1725"]
[PlyCount "50"]
[EventDate "2018.??.??"]
[WhiteTeam "SC Bad Nauheim"]
[BlackTeam "Bad Vilbeler Sfr"]

1. e4 c5 2. Nf3 e6 3. d4 cxd4 4. Nxd4 Nc6 5. Nc3 Qc7 6. Nb3 Nf6 7. Be3 Bb4 8.
Bd3 b6 9. f4 Bb7 10. O-O Bxc3 11. bxc3 Ne7 12. Nd2 Qxc3 13. Nc4 O-O 14. Nd6 Ba6
15. e5 Nfd5 16. Bxh7+ Kxh7 17. Bd4 Qb4 18. Rb1 Qa4 19. Qh5+ Kg8 20. c4 g6 21.
Qh6 Qc2 22. Rb3 Nxf4 23. Qxf4 Nf5 24. Rh3 Bxc4 25. Nxf5 Bxf1 1-0

[Event "Frankfurt Ch A 2018"]
[Site "Ffm-Höchst, BiKuZ"]
[Date "2018.05.14"]
[Round "3.27"]
[White "Knödler, Marcel"]
[Black "Teschler, Ulrich"]
[Result "1-0"]
[WhiteElo "1672"]
[BlackElo "1925"]
[PlyCount "119"]
[EventDate "2018.??.??"]
[WhiteTeam "FC Bierstadt"]
[BlackTeam "SV Fechenheim"]

1. c4 c6 2. Nc3 f5 3. d4 Nf6 4. Bg5 Qa5 5. Bxf6 exf6 6. a3 Qb6 7. b3 g6 8. e3
Bg7 9. Bd3 O-O 10. h4 Re8 11. Nge2 f4 12. e4 f5 13. c5 Qc7 14. e5 b6 15. b4 a5
16. Na4 bxc5 17. bxc5 Ba6 18. Nb6 Ra7 19. Bxa6 Nxa6 20. Nc4 Raa8 21. Qd2 Nxc5
22. dxc5 Bxe5 23. Rd1 Re7 24. O-O f3 25. gxf3 Bf6 26. Nf4 Bxh4 27. Ng2 g5 28.
Qd6 Qd8 29. Rfe1 Rg7 30. Ne5 g4 31. Nxc6 Qg5 32. f4 Qh5 33. Nxh4 g3 34. Qf6 Rf7
35. Qg5+ Qxg5 36. fxg5 gxf2+ 37. Kxf2 dxc6 38. Re5 Rb8 39. Rd3 Rb2+ 40. Kf3 Kg7
41. Rxf5 Rxf5+ 42. Nxf5+ Kg6 43. Ne7+ Kxg5 44. Nxc6 h5 45. Rc3 h4 46. Nd4 h3
47. Ne2 h2 48. Ng3 a4 49. c6 Rb3 50. Kg2 h1=Q+ 51. Kxh1 Rxc3 52. Ne4+ Kf5 53.
Nxc3 Ke6 54. Nxa4 Kd6 55. Kg2 Kxc6 56. Nb2 Kd5 57. Kf2 Kd4 58. Ke2 Kc5 59. a4
Kb4 60. Kd3 1-0

[Event "Frankfurt Ch A 2018"]
[Site "Ffm-Höchst, BiKuZ"]
[Date "2018.05.14"]
[Round "3.28"]
[White "Zimmer, Gerald"]
[Black "Stuhlmann, Florian"]
[Result "1/2-1/2"]
[WhiteElo "1904"]
[BlackElo "1699"]
[PlyCount "125"]
[EventDate "2018.??.??"]
[WhiteTeam "SC Bergen-Enkheim"]
[BlackTeam "SC Lindenholzhausen"]

1. c4 e5 2. Nc3 Nf6 3. g3 c6 4. Bg2 Bc5 5. e3 O-O 6. Nge2 d6 7. d4 exd4 8. exd4
Bb6 9. O-O Bg4 10. Bf4 d5 11. cxd5 Nxd5 12. Nxd5 cxd5 13. Re1 Nc6 14. Be3 Ba5
15. Rf1 Bb6 16. f3 Bf5 17. Nf4 Re8 18. Bf2 Nb4 19. g4 Be6 20. Nd3 Nxd3 21. Qxd3
Qd7 22. Rac1 f5 23. h3 Bc7 24. Bh4 fxg4 25. hxg4 Qd6 26. f4 Bxg4 27. Bxd5+ Qxd5
28. Rxc7 Be2 29. Qg3 Qxd4+ 30. Rf2 Re3 31. Qg2 Bf3 32. Rxf3 Re7+ 33. Bf2 Qd1+
34. Kh2 Rxc7 35. Rb3 Rf8 36. Qe4 Qd2 37. Kg3 Rc2 38. Rf3 Rxb2 39. Qe6+ Kh8 40.
Qe7 Qd8 41. Qe5 Rxa2 42. Bd4 Rg8 43. Rc3 Ra6 44. Rc7 Rg6+ 45. Kf3 Qh4 46. f5
Qg4+ 47. Ke3 Qg3+ 48. Qxg3 Rxg3+ 49. Kf4 Rb3 50. f6 Rf8 51. Rxg7 Rb4 52. Ke3
Rxd4 53. Kxd4 Rxf6 54. Rxb7 Ra6 55. Ke4 Ra5 56. Kf4 a6 57. Kg4 Rb5 58. Ra7 a5
59. Kh4 h6 60. Ra8+ Kg7 61. Ra7+ Kg6 62. Ra6+ Kg7 63. Ra7+ 1/2-1/2

[Event "Frankfurt Ch A 2018"]
[Site "Ffm-Höchst, BiKuZ"]
[Date "2018.05.14"]
[Round "3.29"]
[White "Merten, Rainer"]
[Black "Hierling, Stefan"]
[Result "1/2-1/2"]
[WhiteElo "1670"]
[BlackElo "1901"]
[PlyCount "95"]
[EventDate "2018.??.??"]
[WhiteTeam "SV Frankfurt Nord"]
[BlackTeam "VSG Offenbach"]

1. d4 d5 2. Nf3 g6 3. e3 Bg7 4. c4 c6 5. Nc3 Nf6 6. Be2 O-O 7. O-O Nbd7 8. b3
b6 9. Bb2 Bb7 10. Qc2 Rc8 11. Rac1 Re8 12. Rfd1 e6 13. Qb1 Qe7 14. a3 Red8 15.
b4 dxc4 16. Bxc4 c5 17. dxc5 Bxf3 18. gxf3 bxc5 19. b5 Nb6 20. Be2 Nfd5 21. Ne4
Bxb2 22. Qxb2 f5 23. Ng3 Nf6 24. Qe5 Nfd7 25. Qa1 Kf7 26. a4 Qf6 27. Qa2 Nf8
28. f4 Rxd1+ 29. Rxd1 Rd8 30. a5 Rxd1+ 31. Bxd1 Qd8 32. Bf3 Nc8 33. Qa3 Qd6 34.
Qc3 Ne7 35. Qb3 Nd7 36. Ne2 Nd5 37. Nc3 Nxc3 38. Qxc3 e5 39. Bc6 exf4 40. Bxd7
Qd1+ 41. Kg2 Qg4+ 42. Kf1 Qd1+ 43. Kg2 Qxd7 44. Qxc5 fxe3 45. fxe3 Qd2+ 46. Kg3
Qxa5 47. Qd5+ Kf6 48. Qd6+ 1/2-1/2

[Event "Frankfurt Ch A 2018"]
[Site "Ffm-Höchst, BiKuZ"]
[Date "2018.05.14"]
[Round "3.30"]
[White "Vega Lopez de Nava, Cesar Octavio"]
[Black "Viol, Julius"]
[Result "1-0"]
[WhiteElo "1901"]
[BlackElo "1675"]
[PlyCount "49"]
[EventDate "2018.??.??"]
[WhiteTeam "SC Flörsheim"]
[BlackTeam "FC Bierstadt"]

1. e4 c5 2. Nf3 d6 3. d4 cxd4 4. Nxd4 Nf6 5. Nc3 a6 6. Be2 e5 7. Nb3 Be6 8. O-O
Be7 9. f4 b5 10. f5 Qb6+ 11. Kh1 Bd7 12. Bg5 Bc6 13. Bxf6 Bxf6 14. Qxd6 Nd7 15.
Na5 Rc8 16. Nxc6 Rxc6 17. Qd2 Qd8 18. Nxb5 axb5 19. Bxb5 Rb6 20. c4 Be7 21. f6
gxf6 22. Rad1 Rd6 23. Qh6 Rxd1 24. Rxd1 Bf8 25. Qh3 1-0

[Event "Frankfurt Ch A 2018"]
[Site "Ffm-Höchst, BiKuZ"]
[Date "2018.05.14"]
[Round "3.31"]
[White "Makilla, Tobias"]
[Black "Senatov, Boris"]
[Result "1-0"]
[WhiteElo "1900"]
[BlackElo "1667"]
[PlyCount "73"]
[EventDate "2018.??.??"]
[WhiteTeam "SC Hattersheim"]
[BlackTeam "SC Heusenstamm"]

1. e4 c5 2. Nf3 d6 3. Bb5+ Bd7 4. Bxd7+ Qxd7 5. O-O Nc6 6. Qe2 Nf6 7. c3 e6 8.
Rd1 Be7 9. d4 cxd4 10. Nxd4 a6 11. a4 O-O 12. Bg5 Qc7 13. Na3 Rfd8 14. Rd3 d5
15. Nxc6 bxc6 16. e5 Ne8 17. Rg3 g6 18. Nc2 Ng7 19. Nd4 c5 20. Bxe7 Qxe7 21.
Nc6 Qd7 22. Nxd8 Qxd8 23. b4 c4 24. Qd2 Qc7 25. Re3 Nf5 26. Re2 h5 27. Qg5 Rb8
28. Rb1 Qd7 29. a5 Qb5 30. h3 Qe8 31. g4 hxg4 32. hxg4 Ne7 33. Kg2 Nc6 34. Rh1
Qf8 35. Re3 Qg7 36. Reh3 Rb7 37. Qf6 1-0

[Event "Frankfurt Ch A 2018"]
[Site "Ffm-Höchst, BiKuZ"]
[Date "2018.05.14"]
[Round "3.32"]
[White "Stock, Jürgen"]
[Black "Balzereit, Georg"]
[Result "0-1"]
[WhiteElo "1877"]
[BlackElo "1631"]
[PlyCount "30"]
[EventDate "2018.??.??"]
[WhiteTeam "Sfr. Kelkheim"]
[BlackTeam "vereinslos"]

1. d4 Nf6 2. c3 e5 3. dxe5 Ng4 4. Nf3 Nc6 5. Bg5 Be7 6. Bf4 Bc5 7. e3 Qe7 8.
Qd5 d6 9. exd6 Bxd6 10. Bxd6 cxd6 11. Bb5 O-O 12. Bxc6 Nxe3 13. fxe3 Qxe3+ 14.
Kd1 bxc6 15. Kc2 cxd5 0-1

[Event "Frankfurt Ch A 2018"]
[Site "Ffm-Höchst, BiKuZ"]
[Date "2018.05.14"]
[Round "3.33"]
[White "Krischak, Werner"]
[Black "GrÃ¤bner, Walter"]
[Result "0-1"]
[WhiteElo "1649"]
[BlackElo "1874"]
[PlyCount "54"]
[EventDate "2018.??.??"]
[WhiteTeam "SK Marburg"]
[BlackTeam "SC Nied"]

1. d4 Nf6 2. Nf3 c5 3. d5 d6 4. Nc3 g6 5. e4 Bg7 6. Be2 O-O 7. O-O Bg4 8. Be3
Nbd7 9. h3 Bxf3 10. Bxf3 b5 11. Nxb5 Qb6 12. Na3 Qxb2 13. Nc4 Qb4 14. Qe2 Rab8
15. Bd2 Qa4 16. Bc3 Nh5 17. Bxg7 Nxg7 18. c3 Nb6 19. Nb2 Qa3 20. Qc2 Nxd5 21.
Nc4 Qxc3 22. Qxc3 Nxc3 23. Rfc1 Nb5 24. e5 Rfd8 25. Na5 Nd4 26. exd6 exd6 27.
Bd5 Ne2+ 0-1

[Event "Frankfurt Ch A 2018"]
[Site "Ffm-Höchst, BiKuZ"]
[Date "2018.05.14"]
[Round "3.34"]
[White "Adair, Robin"]
[Black "John, Volkmar"]
[Result "1/2-1/2"]
[WhiteElo "1811"]
[BlackElo "1611"]
[PlyCount "55"]
[EventDate "2018.??.??"]
[WhiteTeam "SC Nidderau"]
[BlackTeam "SK Herborn"]

1. c4 c5 2. Nc3 Nc6 3. g3 g6 4. Bg2 Bg7 5. e3 e5 6. Nge2 Nge7 7. O-O O-O 8. d3
d6 9. Rb1 Be6 10. e4 Qd7 11. Nd5 Bh3 12. a3 Bxg2 13. Kxg2 Nxd5 14. cxd5 Nd4 15.
Nxd4 cxd4 16. Bd2 Rac8 17. Qb3 Rc7 18. Rbc1 Rfc8 19. Rxc7 Rxc7 20. Rc1 Rxc1 21.
Bxc1 Qc7 22. Bd2 f5 23. exf5 gxf5 24. Qa4 a6 25. Qe8+ Bf8 26. Qa4 Qc5 27. Qb3
b5 28. f3 1/2-1/2

[Event "Frankfurt Ch A 2018"]
[Site "Ffm-Höchst, BiKuZ"]
[Date "2018.05.14"]
[Round "3.35"]
[White "Moritz, Dennis"]
[Black "Menning, Uwe"]
[Result "1/2-1/2"]
[WhiteElo "1611"]
[BlackElo "1810"]
[PlyCount "61"]
[EventDate "2018.??.??"]
[WhiteTeam "SK Hungen"]
[BlackTeam "FC Bierstadt"]

1. d4 d5 2. c4 e6 3. Nc3 Nf6 4. cxd5 Nxd5 5. e4 Nxc3 6. bxc3 c5 7. Nf3 cxd4 8.
cxd4 Be7 9. Bc4 O-O 10. O-O Nc6 11. Be3 b6 12. Rc1 Bb7 13. d5 exd5 14. Bxd5 Na5
15. Bxb7 Nxb7 16. Qxd8 Bxd8 17. Rfd1 Re8 18. Rd7 Nc5 19. Bxc5 bxc5 20. Rxc5
Rxe4 21. Re5 Rxe5 22. Nxe5 Bb6 23. Kf1 Rd8 24. f3 Rxd7 25. Nxd7 Bd4 26. Ke2 f6
27. Kd3 Bg1 28. h3 Kf7 29. Kc4 Kg6 30. Nc5 Kg5 31. Ne6+ 1/2-1/2

[Event "Frankfurt Ch A 2018"]
[Site "Ffm-HÃ¶chst, BiKuZ"]
[Date "2018.05.14"]
[Round "3.36"]
[White "StÃ¤rke, Karsten"]
[Black "Manasek, Martin"]
[Result "1-0"]
[WhiteElo "1804"]
[BlackElo "1457"]
[PlyCount "111"]
[EventDate "2018.??.??"]
[WhiteTeam "SC Matt im Park"]
[BlackTeam "Bad Vilbeler Sfr"]

1. e4 e6 2. d4 d5 3. exd5 exd5 4. Bd3 Nf6 5. Bf4 Bd6 6. Ne2 O-O 7. O-O c5 8.
dxc5 Bxc5 9. Bg5 h6 10. Bh4 Nc6 11. Nd2 Ne5 12. Nb3 Bb6 13. h3 Nc4 14. Rb1 Kh8
15. Nbd4 g6 16. b3 Ne5 17. Qd2 Kg7 18. Kh1 Nc6 19. c3 a6 20. Bc2 Re8 21. Rbe1
Qd7 22. Bxf6+ Kxf6 23. Qxh6 Nxd4 24. Nxd4 Bxd4 25. Qf4+ Kg7 26. Qxd4+ f6 27.
Rxe8 Qxe8 28. Qxd5 Qb5 29. Rd1 Qxd5 30. Rxd5 Be6 31. Rd6 Kf7 32. Bxg6+ Kxg6 33.
Rxe6 Rd8 34. Re2 Rd7 35. c4 Rc7 36. Kh2 b5 37. cxb5 axb5 38. f3 Rc6 39. g4 f5
40. Kg3 fxg4 41. hxg4 b4 42. Re4 Rb6 43. f4 Ra6 44. Rxb4 Rxa2 45. Rb6+ Kf7 46.
Kh4 Ra8 47. g5 Rh8+ 48. Kg4 Rh1 49. Kf5 Rc1 50. g6+ Kg7 51. Rb7+ Kg8 52. b4 Rc8
53. Kg5 Rd8 54. f5 Kf8 55. Kh6 Kg8 56. f6 1-0

[Event "Frankfurt Ch A 2018"]
[Site "Ffm-Höchst, BiKuZ"]
[Date "2018.05.14"]
[Round "3.37"]
[White "Fischer, Lutz"]
[Black "Müller, Pascal"]
[Result "0-1"]
[WhiteElo "1533"]
[BlackElo "1800"]
[PlyCount "40"]
[EventDate "2018.??.??"]
[WhiteTeam "SF Frankfurt"]
[BlackTeam "Schachforum Darmstadt"]

1. e4 d5 2. exd5 Nf6 3. d4 Bg4 4. f3 Bf5 5. c4 e6 6. dxe6 fxe6 7. a3 c5 8. Be3
Nc6 9. dxc5 Qc7 10. Ne2 Rd8 11. Qc1 Ne5 12. Nd4 Bxc5 13. Nxf5 exf5 14. Bxc5
Qxc5 15. b4 Qd4 16. Ra2 O-O 17. Qd2 Qh4+ 18. Qf2 Qf4 19. Rc2 Rfe8 20. Qg3 Nd3+
0-1

[Event "Frankfurt Ch A 2018"]
[Site "Ffm-Höchst, BiKuZ"]
[Date "2018.05.14"]
[Round "3.39"]
[White "Bischoff, Ulrich"]
[Black "Saluvar, Bülent"]
[Result "1-0"]
[WhiteElo "1991"]
[BlackElo "1600"]
[PlyCount "69"]
[EventDate "2018.??.??"]
[WhiteTeam "Sfr. Erbach"]
[BlackTeam "SC Münster"]

1. e4 e6 2. d4 d5 3. Nc3 Nf6 4. e5 Nfd7 5. f4 c5 6. Nf3 Nc6 7. Ne2 Be7 8. c3 f6
9. Be3 fxe5 10. fxe5 O-O 11. a3 cxd4 12. cxd4 Bh4+ 13. Ng3 Rf7 14. Bd3 Nf8 15.
O-O Bd7 16. Nh5 Be8 17. Nf4 Rc8 18. Rc1 Rfc7 19. Bb1 Qe7 20. g3 g5 21. Ng2 Bh5
22. gxh4 Bxf3 23. Qxf3 Nxd4 24. Qg4 Rxc1 25. Rxc1 Rxc1+ 26. Bxc1 Qc5 27. Be3
Ne2+ 28. Qxe2 d4 29. Bxg5 d3+ 30. Qf2 Qd5 31. Nf4 d2 32. Nxd5 d1=Q+ 33. Qf1
Qg4+ 34. Kh1 exd5 35. Bh6 1-0

[Event "Frankfurt Ch A 2018"]
[Site "Ffm-Höchst, BiKuZ"]
[Date "2018.05.14"]
[Round "3.40"]
[White "Björknes, Uwe"]
[Black "Bergmann, Michael"]
[Result "0-1"]
[WhiteElo "1616"]
[BlackElo "1787"]
[PlyCount "23"]
[EventDate "2018.??.??"]
[WhiteTeam "SK Bad Homburg"]
[BlackTeam "SF Frankfurt"]

1. d4 Nf6 2. c4 g6 3. Nc3 d5 4. cxd5 Nxd5 5. e4 Nxc3 6. bxc3 Bg7 7. Be3 c5 8.
Nf3 O-O 9. Be2 Nc6 10. O-O cxd4 11. cxd4 Bg4 12. d5 0-1

[Event "Frankfurt Ch A 2018"]
[Site "Ffm-Höchst, BiKuZ"]
[Date "2018.05.14"]
[Round "3.42"]
[White "Pham, Phuong-Bao"]
[Black "Schlumbohm, Nils"]
[Result "1/2-1/2"]
[WhiteElo "1757"]
[BlackElo "1581"]
[PlyCount "94"]
[EventDate "2018.??.??"]
[WhiteTeam "Frankfurter TV"]
[BlackTeam "Berkershm"]

1. c4 Nf6 2. Nf3 g6 3. Nc3 Bg7 4. e4 O-O 5. e5 Ne8 6. d4 d6 7. exd6 cxd6 8. Be2
Nf6 9. Bg5 Nc6 10. d5 Ne5 11. Nxe5 dxe5 12. Qd2 Qb6 13. O-O Bf5 14. Be3 Qd8 15.
b4 a6 16. h3 b5 17. cxb5 a5 18. Bc5 e4 19. Rac1 h5 20. d6 exd6 21. Qxd6 Qxd6
22. Bxd6 Rfd8 23. Bc7 axb4 24. Bxd8 bxc3 25. Bxf6 Bxf6 26. Bc4 Ra4 27. Bd5 Bd4
28. Rfe1 Rb4 29. Bxe4 Rxb5 30. Bxf5 Rxf5 31. Re2 Ra5 32. Rd1 Bf6 33. Rd6 Kg7
34. Rc6 g5 35. Rc4 Kg6 36. a4 Rd5 37. Re1 Rd2 38. Rc1 Ra2 39. g4 hxg4 40. hxg4
Be5 41. Kg2 f6 42. Kf3 Kf7 43. Ke3 Bf4+ 44. Rxf4 gxf4+ 45. Kxf4 Rxf2+ 46. Kg3
Ra2 47. Rxc3 Rxa4 1/2-1/2

[Event "Frankfurt Ch A 2018"]
[Site "Ffm-Höchst, BiKuZ"]
[Date "2018.05.14"]
[Round "3.44"]
[White "Diehl, Stefan"]
[Black "Hagel, Stephan"]
[Result "1-0"]
[WhiteElo "1725"]
[BlackElo "1548"]
[PlyCount "65"]
[EventDate "2018.??.??"]
[WhiteTeam "SC Höchst"]
[BlackTeam "SK Hungen"]

1. f4 d5 2. Nf3 c5 3. e3 Nf6 4. b3 Nc6 5. Bb5 Bd7 6. O-O e6 7. Bb2 Be7 8. d3
O-O 9. Bxc6 Bxc6 10. Ne5 Qc7 11. Nd2 Nd7 12. Nxd7 Bxd7 13. Qg4 f6 14. Qg3 Bd6
15. c4 Bc6 16. d4 Qa5 17. Qf2 cxd4 18. exd4 b5 19. c5 Bc7 20. Qe3 Rae8 21. a3
Re7 22. Bc3 Qa6 23. Rf3 Rfe8 24. Raf1 e5 25. fxe5 fxe5 26. Qg5 Qc8 27. dxe5
Bxe5 28. Bxe5 Rxe5 29. Qf4 R5e6 30. Qf7+ Kh8 31. Qf8+ Rxf8 32. Rxf8+ Qxf8 33.
Rxf8# 1-0

[Event "Frankfurt Ch A 2018"]
[Site "Ffm-Höchst, BiKuZ"]
[Date "2018.05.14"]
[Round "3.45"]
[White "Stoll, Ulrich"]
[Black "Muthig, Holger"]
[Result "1/2-1/2"]
[WhiteElo "1701"]
[BlackElo "1512"]
[PlyCount "83"]
[EventDate "2018.??.??"]
[WhiteTeam "Bad Vilbeler Sfr"]
[BlackTeam "vereinslos"]

1. e4 c6 2. d4 d5 3. e5 Bf5 4. Bd3 Bxd3 5. cxd3 e6 6. Nf3 Nd7 7. O-O Ne7 8.
Nbd2 Ng6 9. Nb3 c5 10. dxc5 Ndxe5 11. Nxe5 Nxe5 12. Re1 Nc6 13. d4 Be7 14. Qg4
Bf6 15. Be3 h5 16. Qe2 h4 17. h3 a5 18. a4 Qc7 19. Qg4 Nb4 20. Bf4 Qd7 21. Re2
g6 22. Bg5 Bxg5 23. Qxg5 Qe7 24. Qd2 Qc7 25. Rae1 O-O-O 26. Re3 g5 27. Qe2 Nc6
28. Qb5 Rhg8 29. Qb6 g4 30. Qxc7+ Kxc7 31. hxg4 Rxg4 32. Rd1 Rdg8 33. g3 hxg3
34. f3 R4g6 35. Rd2 Rh6 36. Rg2 Rh4 37. Rd3 Rgh8 38. Rxg3 Rh1+ 39. Kf2 R8h2+
40. Rg2 Rxg2+ 41. Kxg2 Rh5 42. f4 1/2-1/2

[Event "Frankfurt Ch A 2018"]
[Site "Ffm-Höchst, BiKuZ"]
[Date "2018.05.14"]
[Round "3.46"]
[White "Waschke, Thomas"]
[Black "Kuckel, Michael"]
[Result "0-1"]
[WhiteElo "1531"]
[BlackElo "1696"]
[PlyCount "82"]
[EventDate "2018.??.??"]
[WhiteTeam "SC Bergen-Enkheim"]
[BlackTeam "SC Matt im Park"]

1. e4 c6 2. d4 d5 3. Nc3 dxe4 4. Nxe4 Bf5 5. Ng3 Bg6 6. Nf3 Nd7 7. h4 h5 8. Bd3
Bxd3 9. Qxd3 e6 10. Bf4 Ngf6 11. c4 Qa5+ 12. Bd2 Qc7 13. O-O Bd6 14. Ne2 Rd8
15. Rfe1 O-O 16. Nc3 a6 17. Rac1 Ng4 18. Ne4 Be7 19. Neg5 Ndf6 20. Qe2 Bd6 21.
Bc3 Bh2+ 22. Kf1 Bf4 23. Bd2 Nh2+ 24. Nxh2 Bxd2 25. Qxd2 Qxh2 26. g3 Ng4 27.
Qc2 Nf6 28. Ke2 c5 29. Rh1 Qg2 30. Nf3 Ng4 31. Rcf1 cxd4 32. Qd3 e5 33. Rhg1
Qh3 34. Ng5 e4 35. Nxh3 exd3+ 36. Kxd3 Ne5+ 37. Kc2 Nxc4 38. Nf4 Ne5 39. Nxh5
Rc8+ 40. Kb3 Nf3 41. Rh1 Nd2+ 0-1

[Event "Frankfurt Ch A 2018"]
[Site "Ffm-Höchst, BiKuZ"]
[Date "2018.05.14"]
[Round "3.47"]
[White "Wagner, Günter"]
[Black "Masoudi, Kian"]
[Result "1-0"]
[WhiteElo "1687"]
[BlackElo "1479"]
[PlyCount "51"]
[EventDate "2018.??.??"]
[WhiteTeam "SV GroÃŸ-Gerau"]
[BlackTeam "SC Bergen-Enkheim"]

1. Nf3 d5 2. c4 d4 3. e3 c5 4. b4 e6 5. Bb2 dxe3 6. fxe3 Nf6 7. bxc5 Bxc5 8. d4
Bb4+ 9. Bc3 Qa5 10. Qb3 Bxc3+ 11. Qxc3 Qg5 12. Nbd2 O-O 13. Be2 b6 14. O-O Bb7
15. d5 exd5 16. Nd4 Qe5 17. Rf5 Qd6 18. Raf1 Nbd7 19. Nb5 Qc6 20. Bf3 Rfc8 21.
Qd4 Qe6 22. Qf4 g6 23. Nc7 Rxc7 24. Qxc7 Nc5 25. Rxf6 Qxf6 26. Bxd5 1-0

[Event "Frankfurt Ch A 2018"]
[Site "Ffm-Höchst, BiKuZ"]
[Date "2018.05.14"]
[Round "3.48"]
[White "Popp, Matthias"]
[Black "Dohmes, Swidbert"]
[Result "1/2-1/2"]
[WhiteElo "1516"]
[BlackElo "1685"]
[PlyCount "87"]
[EventDate "2018.??.??"]
[WhiteTeam "SC Bergen-Enkheim"]
[BlackTeam "SV Hofheim"]

1. Nf3 d5 2. d4 Nf6 3. Bf4 Bf5 4. e3 e6 5. c3 Be7 6. Nbd2 Nbd7 7. h3 h6 8. Ne5
O-O 9. g4 Bh7 10. g5 hxg5 11. Bxg5 Nxe5 12. dxe5 Ne4 13. Bxe7 Qxe7 14. Rg1 Qh4
15. Nxe4 Bxe4 16. Qg4 Qxg4 17. Rxg4 Bf3 18. Rg3 Bh5 19. Kd2 Bg6 20. Bd3 Bxd3
21. Kxd3 g6 22. Rag1 Kg7 23. Rg4 c5 24. R1g3 Rh8 25. Rf3 Rh5 26. h4 Rxe5 27.
Rgf4 Rf8 28. b3 Rh5 29. Ra4 e5 30. Ke2 e4 31. Rf4 a6 32. Ra5 Rc8 33. Kd2 Rc6
34. b4 cxb4 35. cxb4 b5 36. Ra3 Rh8 37. Rc3 Rhc8 38. Rxc6 Rxc6 39. a3 Rf6 40.
Kc3 Rd6 41. Kd4 f6 42. Kc5 Rd8 43. Kb6 Rd6+ 44. Kc5 1/2-1/2

[Event "Frankfurt Ch A 2018"]
[Site "Ffm-Höchst, BiKuZ"]
[Date "2018.05.14"]
[Round "3.49"]
[White "Steiz, Johann"]
[Black "Ketting, Douwe"]
[Result "1-0"]
[WhiteElo "1681"]
[BlackElo "1387"]
[PlyCount "39"]
[EventDate "2018.??.??"]
[WhiteTeam "SV Dormagen"]
[BlackTeam "SC Somborn"]

1. e4 Nf6 2. e5 Nd5 3. Nf3 e6 4. d4 d6 5. c4 Nb6 6. exd6 cxd6 7. Nc3 Bd7 8. Bd3
Be7 9. O-O O-O 10. b3 Nc6 11. Ba3 Re8 12. Be4 Qc7 13. c5 Nc8 14. Nb5 Qb8 15. d5
Nd8 16. Nxd6 Nxd6 17. cxd6 Bf6 18. Rc1 exd5 19. Bxd5 Nc6 20. Qd3 1-0

[Event "Frankfurt Ch A 2018"]
[Site "Ffm-Höchst, BiKuZ"]
[Date "2018.05.14"]
[Round "3.50"]
[White "Schneider, Till"]
[Black "Ackermann, Robert"]
[Result "0-1"]
[WhiteElo "1371"]
[BlackElo "1666"]
[PlyCount "54"]
[EventDate "2018.??.??"]
[WhiteTeam "SC Nied"]
[BlackTeam "SC Bad Soden"]

1. e4 d6 2. d4 Nf6 3. Nc3 g6 4. f4 Bg7 5. Nf3 O-O 6. e5 dxe5 7. fxe5 Nd5 8. Bc4
c6 9. Ng5 h6 10. h4 hxg5 11. hxg5 Bf5 12. g4 Nxc3 13. bxc3 Be4 14. Rh2 b5 15.
Qe2 Bd5 16. Bd3 Nd7 17. Qf2 Nb6 18. Qh4 Re8 19. Qh7+ Kf8 20. Rh6 Qd7 21. Bxg6
Qxg4 22. Be3 Qg3+ 23. Ke2 Qf3+ 24. Kd3 Bc4+ 25. Kd2 Qe2+ 26. Kc1 Qe1+ 27. Kb2
Na4+ 0-1

[Event "Frankfurt Ch A 2018"]
[Site "Ffm-Höchst, BiKuZ"]
[Date "2018.05.14"]
[Round "3.52"]
[White "Mühlbach, Christian"]
[Black "Mongi, Mario"]
[Result "1-0"]
[WhiteElo "1641"]
[BlackElo "1357"]
[PlyCount "53"]
[EventDate "2018.??.??"]
[WhiteTeam "SK Langen"]
[BlackTeam "SC Sulzbach"]

1. Nf3 g6 2. g3 Bg7 3. Bg2 d6 4. O-O Nf6 5. d4 O-O 6. Nbd2 Na6 7. Re1 c6 8. b3
Bf5 9. e4 Bg4 10. Bb2 Nc7 11. Nf1 Qd7 12. Qd3 d5 13. Ne5 Qc8 14. Nxg4 Nxg4 15.
e5 Nh6 16. Ne3 Ne6 17. f4 f6 18. exf6 exf6 19. Nxd5 Re8 20. Ne3 Qc7 21. Rad1
Rad8 22. Qc4 Qf7 23. d5 Nc7 24. Qc5 cxd5 25. c4 b6 26. Qc6 Bf8 27. Qxf6 1-0

[Event "Frankfurt Ch A 2018"]
[Site "Ffm-Höchst, BiKuZ"]
[Date "2018.05.14"]
[Round "3.53"]
[White "Münstermann, Matthias"]
[Black "Hedrich, Gerd"]
[Result "1-0"]
[WhiteElo "1623"]
[BlackElo "1284"]
[PlyCount "99"]
[EventDate "2018.??.??"]
[WhiteTeam "SK Langen"]
[BlackTeam "Wiesbadener SV"]

1. d4 Nf6 2. c4 e6 3. Nc3 Bb4 4. Qc2 d5 5. a3 Bxc3+ 6. Qxc3 O-O 7. Nf3 Ne4 8.
Qc2 c6 9. e3 Nd7 10. Bd3 Ndf6 11. O-O h6 12. Nd2 Nxd2 13. Bxd2 b6 14. cxd5 cxd5
15. Rac1 a5 16. f3 Ba6 17. Bxa6 Rxa6 18. Qb3 Qd6 19. Qb5 Raa8 20. Rc6 Qd7 21.
Rxb6 a4 22. Rc1 Qxb5 23. Rxb5 Rfc8 24. Rxc8+ Rxc8 25. Bc3 g5 26. h3 Kg7 27. Ra5
Rc4 28. Bb4 Rc1+ 29. Kh2 Rc2 30. Bc3 Re2 31. Rxa4 Rxe3 32. Rb4 h5 33. Bd2 Re2
34. Bxg5 Nh7 35. Be7 f6 36. a4 h4 37. Kg1 Re1+ 38. Kf2 Ra1 39. Bd8 Nf8 40. Rb7+
Kg8 41. Bxf6 Nh7 42. Bxh4 Rxa4 43. b4 Ra2+ 44. Kg3 Rd2 45. b5 Rxd4 46. b6 Nf8
47. Rc7 Rb4 48. b7 d4 49. Be7 Rb6 50. Bxf8 1-0

[Event "Frankfurt Ch A 2018"]
[Site "Ffm-Höchst, BiKuZ"]
[Date "2018.05.14"]
[Round "3.54"]
[White "Markulic, Petar"]
[Black "Zeyen, Helmut"]
[Result "1-0"]
[WhiteElo "1502"]
[BlackElo "1730"]
[PlyCount "109"]
[EventDate "2018.??.??"]
[WhiteTeam "SF Frankfurt"]
[BlackTeam "Wiesbadener SV"]

1. e4 d5 2. exd5 Nf6 3. f4 Bg4 4. Be2 Bxe2 5. Qxe2 Qxd5 6. Nc3 Qc6 7. Nf3 Nd5
8. Nxd5 Qxd5 9. c4 Qd6 10. O-O Nc6 11. Ne5 Qc5+ 12. Kh1 g6 13. a3 a5 14. d3
Nxe5 15. Be3 Qd6 16. fxe5 Qxe5 17. Qf3 O-O-O 18. d4 Qf5 19. Qg3 Qc2 20. b4 a4
21. b5 f5 22. b6 Rd7 23. d5 Bg7 24. Rac1 Qd3 25. Rfd1 Qe4 26. c5 Be5 27. Qf2 f4
28. c6 Rxd5 29. cxb7+ Kd7 30. Rxd5+ Qxd5 31. Bxf4 Rf8 32. bxc7 Qxb7 33. Qd2+
Bd6 34. Bxd6 exd6 35. Qc2 Qa6 36. Qd1 h5 37. h3 Rc8 38. Qc2 d5 39. Qf2 Qe6 40.
Qa7 Qe4 41. Qf2 Qe6 42. Qc2 Qa6 43. Qc5 Qe6 44. Rd1 Rxc7 45. Rxd5+ Kc8 46. Qf8+
Kb7 47. Qb4+ Kc8 48. Qf8+ Kb7 49. Qb4+ Kc8 50. Ra5 Qf6 51. Ra8+ Kd7 52. Qxa4+
Qc6 53. Qd4+ Ke6 54. Qe3+ Kf5 55. Rf8+ 1-0